| Поле | Инд. | ПП | Название | Значение |
|---|---|---|---|---|
| Тип записи | a | |||
| Библиографический уровень | m | |||
| 001 | Контрольный номер | 431ef8cd-9852-4904-b0f7-8661c273010e | ||
| 005 | Дата корректировки | 20140226205644.9 | ||
| 008 | Кодируемые данные | 990916 d | ||
| 020 | a | ISBN | 5-85815-029-2 | |
| c | Цена, тираж | 8.88 | ||
| 040 | a | Служба первич. каталог. | НБ ТвГУ | |
| 041 | a | Код языка текста | rus | |
| 080 | a | Индекс УДК | 591.5 | |
| 084 | a | Индекс другой классификации/Индекс ББК | Е681 | |
| a | Индекс другой классификации/Индекс ББК | Ю922 | ||
| 090 | c | Каталожный индекс | Е681 + Ю922 | |
| x | Авторский знак | Г19 | ||
| a | Полочн. индекс | Е681 | ||
| 100 | 1_ | a | Автор | Гапонов Сергей Петрович |
| 245 | 0_ | a | Заглавие | Введение в этологию |
| c | Ответственность | С.П. Гапонов, Н.И. Простаков | ||
| 260 | 0_ | a | Место издания | Воронеж |
| b | Издательство | Изд-во Воронеж. ун-та | ||
| c | Дата издания | 1998 | ||
| 300 | a | Объем | 141,[1] с. | |
| b | Иллюстрации/ тип воспроизводства | ил. | ||
| 504 | a | Библиография | Библиогр.: с.137. - Предм. указ.: с.138-141. | |
| 583 | a | Действие | Получение впервые 421 05.07.99 | |
| k | Исполнитель действия | Обмен | ||
| 650 | a | Основная рубрика | Этология | |
| 650 | a | Основная рубрика | Поведение животных | |
| 653 | a | Ключевые слова | Этология | |
| a | Ключевые слова | Поведение животных | ||
| 700 | 1_ | a | Другие авторы | Простаков Николай Иванович |
| 852 | t | Порядковый номер экземпляра | 1 | |
| p | Инвентарный номер | 712101 | ||
| 888 | a | Бесплатные | ||
| 952 | p | 421.99 8.88 1 712101 | ||
| c | Вид литературы | К ру | ||
| 954 | a | Дата поступления на обработку | 19990712 | |
| 999 | a | Подразделение 2 | Фил3 |